000 02110cam a2200217 4500500
005 20260322002025.0
041 _afre
042 _adc
100 1 0 _aPourcelot, Anne-Gaëlle
_eauthor
700 1 0 _aJegaden, Margaux
_eauthor
700 1 0 _aDebras, Elodie
_eauthor
700 1 0 _aLevaillant, Jean-Marc
_eauthor
700 1 0 _aCapmas, Perrine
_eauthor
700 1 0 _aFernandez, Hervé
_eauthor
245 0 0 _aMetroplasty for a T-shaped uterus: What impact does it have on fertility?
260 _c2022.
500 _a48
520 _aT-shaped uterus (U1 in the ESHRE classification), initially described in cases of in-utero exposure to Distilbene®, is a rare uterine malformation characterized by a small uterine volume alongside an excess of myometrium in the uterine side walls. The gold standard for diagnosing this malformation is 3D ultrasound, sometimes accompanied by sonography. The presence of a U1 uterus tends to be associated with decreased fertility and an increased rate of miscarriages. It also appears to be associated with an increased rate of implantation failure in medically assisted reproduction. Enlargement surgery (or metroplasty), which is performed by hysteroscopy, is the standard treatment. It does not cause any harm, is easy to perform, and gives good anatomical results. The impact of surgery on fertility and obstetric prognosis appears to be positive. Nevertheless, the data in the literature are poor, with studies having low levels of evidence. No randomized trials have been conducted to date. Based on these data alone, it is therefore difficult to systematically recommend metroplasty in order to improve fertility or the obstetric prognosis. In our opinion, in view of the nonetheless positive results in the literature, each situation must be assessed on a case-by-case basis and surgery can be proposed, especially when no other cause has been found.
786 0 _nMédecine de la Reproduction | 24 | 1 | 2022-01-01 | p. 100-105 | 2650-8427
856 4 1 _uhttps://stm.cairn.info/journal-medecine-de-la-reproduction-2022-1-page-100?lang=en&redirect-ssocas=7080
999 _c1719898
_d1719898